000 01132nam a22003497a 4500
003 CHAP
005 20220329135233.0
008 971013s1981 r 00010 d
010 _a33081
011 _a34053
035 _a38169
040 _cCHAP
090 _aFolleto 3417 (1981)
100 0 0 _aLozano, J. Carlos.
_968813
245 1 _aProblemas en el cultivo de la yuca
250 _a2 ed.
260 _aCali :
_bCentro Internacional de Agricultura Tropical,
_c1981
300 _a192 p.
_b: apénd. ; ilus.
490 _aSerie CIAT 07SC-1
590 _aBATCH-UPD
_b10
_c20130110
_lUCH01
_h0029
590 _aBATCH-UPD
_b10
_c20130110
_lUCH01
_h2208
590 _aCONVERSION
_b10
_c20130109
_lUCH01
_h1319
650 1 4 _aPlantas
_xDeficiencias nutritivas.
_988812
650 1 4 _aYuca
_xEnfermedades.
_9123283
650 1 4 _aYuca
_xPlagas.
_9123295
710 0 _aCentro Internacional de Agricultura Tropical.
_921185
830 0 _aSerie CIAT 07SC-1
_9104645
901 _aBK
942 _cFOLL
949 _aFolleto 3417 (1981)
_bBC
_cFOLL
_d-87272
_eTS1
_i38169
_si
949 _aFolleto 3417 (1981)
_bBC
_cFOLL
_d-87273
_eTS2
_i38169
_si
999 _c33081
_d33081